000 00398nam a2200157Ia 4500
008 230917s9999||||xx |||||||||||||| ||und||
040 _e146494
_aMAIN
041 _aEnglish
082 _a320.509 E34M
100 _aEbenstein, William
245 0 _aModern political thought: The great issues
250 _a2nd ed.
260 _aNew Delhi
_bOxford and IBH
_c1960
300 _a868 p.
942 _cBK
999 _c72635
_d72635